01853 a2200193 45000010006000000050017000060080041000230030015000640400040000790800059001192450068001780200022002462500012002682640044002803000026003245051281003500410008016311000020016396195820260407155912.0260407a1991 arg spa dAR-UNSa-BCEJYS aAR-UNSa-BCEJYSbspacAR-UNSa-BCEJYS a347.19xPersonas jurídicas, corporaciones (Mutuales)10aEl abuso de la personalidad jurídicap(en el derecho privado) a978-950-14-0576-7 a2a. ed. 1aBuenos Aires :bEdiciones Depalmac1991 axxiii, 661 p.c23 cm. a1. Introducción – 2. La sociedad anónima norteamericana. Desarrollo histórico – 3. La desestimación de la personalidad jurídica: un criterio de verdad – 4. La equidad en el derecho angloamericano – 5. El fraude en el derecho privado y en la desestimación de la personalidad jurídica – 6. La interposición de personas en la teoría de la desestimación de la personalidad jurídica – 7. Las sociedades controladas y la subordinación de los créditos en el derecho de los estados unidos – 8. Las sociedades controladas y la subordinación de créditos en el derecho argentino – 9. Las doctrinas del “ESTOPPEL” y de los propios actos – 10. De la responsabilidad limitada a la solidaridad: los “Join Ventures” los contratos de colaboración empresaria en la ley argentina. Las agrupaciones de colaboración. Las uniones transitorias de empresas – 11. El control societario y el abuso de la personalidad jurídica. El grupo de sociedades. El control y la responsabilidad en la ley Argentina – 12. La unidad económica patrimonial – 13. La confusión patrimonial y la sociedad de un solo socio – 14. La extensión de la quiebra – 15. El abuso de la personalidad jurídica y el régimen de los hechos ilícitos -  aspa1 aDobson, Juan M.